000 00392nam a22001571a 4500
020 _a9788181111180
082 _aH4
_bVED/S
100 _aVedprakash Amitabh
245 _aSahithya aur parivesh/
_cby Vedprakash Amitabh
260 _aMathura:
_bJawahar Pustakalaya,
_c2009.
300 _a190p.
650 _aEssays Hindi
650 _aLiterature Hindi
650 _aLiterature
942 _cBK
999 _c39152
_d39152